000 00705nam a2200229Ia 4500
003 OSt
005 20220923225419.0
006 a|||||r|||| 00| 0
007 ta
008 220922b |||||||| |||| 00| 0 hin d
024 _a266,978
037 _cTextual
040 _aARTS
_cARTS
_bhin
041 _2hin
_ahin
082 _aR693, 152L3
100 _aएस0 गोपालन
_9168632
245 0 _aजैन दर्शन की रूपरेखा
246 _aJain darshan kī rūparekhā
260 _aनयी दिल्ली
_b वाइली ईस्टर्न
_c1973
942 _hR693, 152L3
_cTEXL
_2CC
999 _c378109
_d378109